Zvyšování efektivnosti národního hospodářství
Uložené v:
| Hlavný autor: | |
|---|---|
| Médium: | Kniha |
| Jazyk: | Czech |
| Vydavateľské údaje: |
Praha
Práce
1984
|
| Edícia: | Knižnice na pomoc intenzifikaci národního hospodářství
sv. 4 |
| Tagy: |
Žiadne tagy, Buďte prvý, kto otaguje tento záznam!
|
MARC
| LEADER | 00000nam a2200000 4500 | ||
|---|---|---|---|
| 001 | c112504 | ||
| 005 | 20050302095217.0 | ||
| 041 | 0 | |a cze | |
| 044 | |a CZ | ||
| 245 | 1 | 0 | |a Zvyšování efektivnosti národního hospodářství |c Ladislav Říha |
| 264 | 1 | |a Praha |b Práce |c 1984 | |
| 300 | |a 63 s. | ||
| 490 | 1 | |a Knižnice na pomoc intenzifikaci národního hospodářství |v sv. 4 | |
| 830 | 0 | |a Knižnice na pomoc intenzifikaci národního hospodářství |v sv. 4 | |
| 100 | 1 | |a Říha, Ladislav | |